Normal view
MARC view
- Public private sector cooperation
Entry Topical Term
001 - CONTROL NUMBER
- control field: 32974
003 - CONTROL NUMBER IDENTIFIER
- control field: OSt
005 - DATE AND TIME OF LATEST TRANSACTION
- control field: 20111124144212.0
008 - FIXED-LENGTH DATA ELEMENTS
- fixed length control field: 111124|||a|||||| | ||| d
040 ## - CATALOGING SOURCE
- Original cataloging agency: OSt
- Transcribing agency: OSt
150 ## - HEADING--TOPICAL TERM
- Topical term or geographic name as entry element: Public private sector cooperation
670 ## - SOURCE DATA FOUND
- Source citation: Work cat.: (OSt): Andres, Luis A. 32972, The impact of private sector participation in infrastructure; lights,shadows, and the road ahead, 2008.
670 ## - SOURCE DATA FOUND
- Source citation: Work cat.: (OSt): Andres, Luis A. 32972, The impact of private sector participation in infrastructure; lights,shadows, and the road ahead, 2008.
